Sarkari arthobigyan (Record no. 6214)

MARC details
000 -LEADER
fixed length control field 00477cam a2200205ua 4500
001 - CONTROL NUMBER
control field 7092
005 - DATE AND TIME OF LATEST TRANSACTION
control field 20260515114143.0
008 - FIXED-LENGTH DATA ELEMENTS--GENERAL INFORMATION
fixed length control field 141125n ii |||gr||||Z||||||eng
020 ## - INTERNATIONAL STANDARD BOOK NUMBER
International Standard Book Number 9789381784259
040 ## - CATALOGING SOURCE
Transcribing agency MAIN
041 ## - LANGUAGE CODE
Language code of text/sound track or separate title eng
082 ## - DEWEY DECIMAL CLASSIFICATION NUMBER
Classification number 336
100 ## - MAIN ENTRY--PERSONAL NAME
Personal name Phukan, Devojit,
Relator term Author.
245 ## - TITLE STATEMENT
Title Sarkari arthobigyan
Statement of responsibility, etc. By Devojit Phukan
250 ## - EDITION STATEMENT
Edition statement 1st.
260 ## - PUBLICATION, DISTRIBUTION, ETC.
Place of publication, distribution, etc. Jorhat:
Name of publisher, distributor, etc. Bidya bhawan,
Date of publication, distribution, etc. 2012.
300 ## - PHYSICAL DESCRIPTION
Extent 205p.
653 ## - INDEX TERM--UNCONTROLLED
Uncontrolled term Public finance
942 ## - ADDED ENTRY ELEMENTS (KOHA)
Koha item type Books
Holdings
Withdrawn status Lost status Damaged status Not for loan Home library Current library Shelving location Date acquired Total checkouts Full call number Barcode Date last seen Date last checked out Copy number Price effective from Koha item type
        Naharkatiya College Library Naharkatiya College Library General stacks 09/19/2020 4 336 | PHU 21384 12/14/2023 12/05/2023 1 09/19/2020 Books
        Naharkatiya College Library Naharkatiya College Library General stacks 09/19/2020   336 | PHU 21385 09/19/2020   2 09/19/2020 Books